000 00473nam a22001937a 4500
003 OSt
005 20260122145805.0
008 130611t xxu||||| |||| 00| 0 eng d
020 _a9578444559
050 _aTX 837
_b.L298 2002
082 _aM 641.5636
_bW52 2002
245 _aWestern vegetarian cooking /
_cLao, Ju D.
260 _c2002
300 _a149 p. :
_bill. col. ;
_c26 cm.
526 _c1210L-1700L
562 _e1
942 _2lcc
_cBK
999 _c16929
_d16929